00650 2200241 4500001002100000005001500021035002000036007000300056008004100059020002100100082000800121084001400129100002300143245007900166250001000245260003600255300003500291650002000326700001700346700002300363990001100386990001100397INLIS00000000000467520191217104802 a0010-1219000127ta191217 g 0 ind  a978-979-59-729-6 a449 a449 DAN f0 aDANTE, Darmawangsa1 aFranch is Fun /cDante Darmawangsa; editor, Fita Riyadi, Dwinoor Bestiyani acet.1 aJakarta :bKesaint Blanc,c2016 aviii, 272 hlm :bilus ;c20 cm 4aBAHASA. PRANCIS0 aFITA, Riyadi0 aDWINOOR, Bestiyani a7251 a a7251 b